Typage rapide à 100 avec un doigt - Statistiques

Statistiques générales
  • Ce quiz a été pris 5 432 fois
  • Le résultat moyen est 73 sur 100
Statistiques - réponses
# % Correct
1
100%
2
98%
3
97%
4
97%
5
97%
6
96%
7
96%
8
96%
9
95%
10
92%
11
92%
12
92%
13
91%
14
91%
15
90%
16
90%
17
90%
19
90%
18
89%
21
89%
20
88%
22
88%
23
88%
24
87%
25
87%
26
86%
27
86%
28
85%
29
85%
30
85%
31
85%
32
85%
34
84%
33
83%
35
83%
36
83%
37
83%
41
83%
38
82%
39
82%
40
82%
43
82%
42
81%
45
81%
44
80%
46
80%
47
80%
48
79%
49
79%
50
79%
51
79%
52
78%
54
78%
55
78%
53
77%
56
77%
57
75%
58
74%
59
74%
60
73%
61
73%
62
72%
65
72%
63
71%
64
71%
66
70%
67
70%
68
68%
69
66%
70
65%
71
64%
72
63%
73
62%
74
61%
75
60%
76
59%
77
59%
78
58%
79
54%
80
53%
81
52%
82
50%
83
49%
84
48%
85
47%
88
46%
86
45%
87
44%
89
43%
90
42%
91
40%
92
40%
93
38%
94
38%
95
36%
96
35%
97
34%
98
34%
99
34%
100
31%
Aucun quiz correspondant
Distribution des résultats
% des personnes avec chaque résultat
Percentile par nombre de réponses
Votre historique - résultats
Vous n’avez pas pris ce quiz